[Event "2nd WTeam w"]
[Site "Ningbo CHN"]
[Date "2009.09.11"]
[Round "9"]
[White "Zhukova,N"]
[Black "Mkrtchian,L"]
[Result "1/2-1/2"]
[WhiteElo "2457"]
[BlackElo "2468"]
[EventDate "2009.09.02"]

1. d4 Nf6 2. c4 e6 3. Nf3 d5 4. Nc3 Bb4 5. e3 O-O 6. Bd3 c5 7. O-O cxd4 8.
exd4 dxc4 9. Bxc4 b6 10. Qe2 Bb7 11. Rd1 Bxc3 12. bxc3 Qc7 13. Ne5 Nbd7 14.
Nxd7 Qxd7 15. Bb5 Qd5 16. f3 Rfc8 17. c4 Qh5 18. Bf4 1/2-1/2

[Event "2nd WTeam w"]
[Site "Ningbo CHN"]
[Date "2009.09.11"]
[Round "9"]
[White "Galojan,L"]
[Black "Gaponenko,I"]
[Result "0-1"]
[WhiteElo "2326"]
[BlackElo "2438"]
[EventDate "2009.09.02"]

1. d4 Nf6 2. c4 e6 3. Nc3 Bb4 4. e3 O-O 5. Nge2 d5 6. a3 Be7 7. cxd5 exd5
8. b4 Re8 9. Ng3 c6 10. Bd3 Nbd7 11. O-O a5 12. b5 c5 13. Qc2 c4 14. Bf5
Nb6 15. f3 Bf8 16. Bxc8 Rxc8 17. Rd1 g6 18. e4 Bg7 19. Bg5 h6 20. Bf4 Nh7
21. Qd2 h5 22. Nf1 Qd7 23. Bh6 Bh8 24. e5 f5 25. Bg5 Nf8 26. Ng3 Ne6 27.
Nge2 Qf7 28. g3 Bg7 29. Kg2 Kh7 30. h4 Bf8 31. Rf1 Be7 32. Bxe7 Rxe7 33.
Nf4 Nxf4+ 34. Qxf4 Rf8 35. Rf2 Qe8 36. Re2 Re6 37. Qg5 Qd8 38. Qxd8 Rxd8
39. g4 Rf8 40. Rf2 Ree8 41. Raf1 Kh6 42. Kh3 g5 43. gxh5 Kxh5 44. hxg5 Kxg5
45. f4+ Kg6 46. Rg2+ Kf7 47. Rg5 Rh8+ 48. Kg2 Reg8 49. Rh1 Rxg5+ 50. fxg5
Rxh1 51. Kxh1 Kg6 52. e6 Nc8 53. Nxd5 Kxg5 54. Kg2 Nd6 55. b6 c3 56. Nxc3
Kf6 57. d5 Ke5 58. Kf3 Kd4 59. Ne2+ Kxd5 60. Nf4+ Ke5 61. Ke3 Nc8 62. Nd3+
Kxe6 63. Nc5+ Kd5 64. Nxb7 a4 65. Kf4 Nxb6 66. Kxf5 Nc4 67. Kf4 Nxa3 68.
Ke3 Nc4+ 69. Kd3 a3 70. Na5 Nxa5 71. Kc3 Kc5 72. Kc2 Nc4 73. Kb3 Kb5 74.
Ka2 Kb4 0-1

[Event "2nd WTeam w"]
[Site "Ningbo CHN"]
[Date "2009.09.11"]
[Round "9"]
[White "Zdebskaja,N"]
[Black "Aginian,N"]
[Result "1-0"]
[WhiteElo "2410"]
[BlackElo "2307"]
[EventDate "2009.09.02"]

1. e4 e6 2. d4 d5 3. Nc3 Nf6 4. Bg5 dxe4 5. Nxe4 Nbd7 6. Nf3 h6 7. Bxf6
Nxf6 8. Bd3 Nxe4 9. Bxe4 c5 10. c3 cxd4 11. Qa4+ Qd7 12. Qc4 Bd6 13. Qxd4
O-O 14. O-O-O Bf4+ 15. Kb1 Qxd4 16. Rxd4 f5 17. Bc2 e5 18. Rd5 e4 19. Nd4
g6 20. g3 Bc7 21. a4 Rd8 22. b4 Kf8 23. Bb3 Rxd5 24. Bxd5 Rb8 25. Kb2 a6
26. Kb3 Bd7 27. Rd1 Ke7 28. c4 Kf6 29. c5 g5 30. b5 axb5 31. axb5 Be5 32.
Kb4 Rd8 33. c6 bxc6 34. Nxc6 Bxc6 35. bxc6 f4 36. Kc4 e3 37. gxf4 gxf4 38.
fxe3 fxe3 39. Rf1+ Ke7 40. Rf3 Bxh2 41. Rxe3+ Kf6 42. Re6+ Kg5 43. Kc5 Bg1+
44. Kc4 Bh2 45. Be4 h5 46. Re7 Rh8 47. Bg2 h4 48. Bh3 Rf8 49. c7 Bxc7 50.
Rxc7 Rf3 51. Bc8 h3 52. Rg7+ Kf6 53. Rh7 Kg6 54. Rh8 Kg7 55. Rh4 Rf2 56.
Bxh3 Kf6 57. Kd4 Rd2+ 58. Ke3 Rb2 59. Bf1 Rb3+ 60. Bd3 Ra3 61. Rb4 Ra7 62.
Kf4 Ra2 63. Rb6+ Ke7 64. Be4 Ra5 65. Bd3 Rc5 66. Ke4 Rg5 67. Rc6 Kd7 68.
Rh6 Ra5 69. Bc4 Ra1 70. Bd5 Re1+ 71. Kd4 Rd1+ 72. Ke5 Re1+ 73. Be4 Kc7 74.
Rc6+ Kd7 75. Rb6 Kc7 76. Rb7+ Kc8 77. Rh7 Re2 78. Kd5 Kd8 79. Bf3 Re7 80.
Rh8+ Re8 81. Rh6 Re3 82. Kd6 Ke8 83. Bd5 Kd8 84. Rh7 Re1 85. Rh2 Re3 86.
Ra2 Rc3 87. Ra4 Rc1 88. Ra7 Rc3 89. Rd7+ Kc8 90. Rh7 Kb8 91. Bc6 Rc1 92.
Rh8+ Ka7 93. Kc7 1-0

[Event "2nd WTeam w"]
[Site "Ningbo CHN"]
[Date "2009.09.11"]
[Round "9"]
[White "Kovalevskaya,E"]
[Black "Ding Yixin"]
[Result "1/2-1/2"]
[WhiteElo "2436"]
[BlackElo "2321"]
[EventDate "2009.09.02"]

1. c4 c5 2. Nf3 Nf6 3. Nc3 Nc6 4. d4 cxd4 5. Nxd4 g6 6. e4 d6 7. Be2 Nxd4
8. Qxd4 Bg7 9. Be3 O-O 10. Qd2 Be6 11. f3 Qa5 12. Rc1 Rfc8 13. b3 a6 14.
Na4 Qxd2+ 15. Kxd2 Nd7 16. Rc2 f5 17. Rhc1 fxe4 18. fxe4 Be5 19. h3 Rf8 20.
Nb6 Nxb6 21. Bxb6 Bd7 22. Be3 Rad8 23. Rf1 Rxf1 24. Bxf1 Bc6 25. Bd3 e6 26.
Bb6 Rd7 27. Ke3 d5 28. cxd5 exd5 29. exd5 Bxd5 30. Be4 Be6 31. Ba5 Kf7 32.
Rd2 Rxd2 33. Bxd2 b6 34. Kd3 Ke7 35. Be3 Bc7 36. Kd4 Bd6 37. Kd3 Bc7 38.
Bb7 a5 39. Be4 Kd7 40. Kd4 Bd6 41. Kd3 Bc7 42. Kd4 1/2-1/2

[Event "2nd WTeam w"]
[Site "Ningbo CHN"]
[Date "2009.09.11"]
[Round "9"]
[White "Wang Xiaohui"]
[Black "Gunina,V"]
[Result "0-1"]
[WhiteElo "2223"]
[BlackElo "2437"]
[EventDate "2009.09.02"]

1. d4 d5 2. c4 c6 3. Nf3 Nf6 4. Nc3 dxc4 5. a4 e6 6. e3 c5 7. Bxc4 Nc6 8.
O-O Be7 9. Qe2 cxd4 10. exd4 O-O 11. Rd1 Nb4 12. Bg5 h6 13. Bh4 Bd7 14. Ne5
Bc6 15. Nxc6 bxc6 16. Rac1 Nfd5 17. Bxe7 Qxe7 18. Ne4 Rab8 19. g3 Rfd8 20.
Nc5 Nb6 21. Bb3 Nd7 22. Rc3 Nxc5 23. dxc5 Rxd1+ 24. Qxd1 Rd8 25. Qe2 a5 26.
Bc2 Rd4 27. Qe5 Rd5 28. Qb8+ Qd8 29. Qxd8+ Rxd8 30. Be4 Rd2 31. b3 f5 32.
Bf3 Kf7 33. Kf1 e5 34. Be2 Kf6 35. f3 e4 36. fxe4 fxe4 37. h4 Ke5 38. Ke1
Rb2 39. Kf2 Nc2 40. Bd1 Nd4+ 41. Ke1 g6 42. Kf1 Rb1 43. Ke1 Nf3+ 44. Ke2
Rb2+ 45. Ke3 Ne1 46. Be2 Nc2+ 47. Kf2 Nd4 48. Re3 Nxe2 49. Rxe2 Rxe2+ 50.
Kxe2 Kd4 0-1

[Event "2nd WTeam w"]
[Site "Ningbo CHN"]
[Date "2009.09.11"]
[Round "9"]
[White "Pham Le Thao Nguyen"]
[Black "Zhao Xue"]
[Result "1/2-1/2"]
[WhiteElo "2301"]
[BlackElo "2542"]
[EventDate "2009.09.02"]

1. Nf3 Nf6 2. d4 e6 3. Bf4 c5 4. c3 b6 5. e3 Be7 6. h3 O-O 7. Be2 Bb7 8.
O-O d6 9. Nbd2 a6 10. a4 cxd4 11. exd4 Nbd7 12. Re1 Re8 13. Bd3 Nf8 14. Bg3
Qc7 15. Qe2 Ng6 16. Ng5 Qc6 17. Ndf3 Qd7 18. Nh4 Nxh4 19. Bxh4 Nh5 20. Be4
Bxe4 21. Qxe4 h6 22. Nf3 Bxh4 23. Nxh4 Nf6 24. Qd3 b5 25. axb5 axb5 26. Nf3
Qc6 27. Nd2 Nd5 28. Qf3 Reb8 29. Qe4 Rb6 30. f4 g6 31. g4 Rxa1 32. Rxa1 Ra6
33. Rxa6 Qxa6 34. f5 Nf6 35. Qg2 Qa1+ 36. Nf1 exf5 37. gxf5 g5 38. Qe2 Qa6
39. Ne3 Kg7 40. Kh2 Qc6 1/2-1/2

[Event "2nd WTeam w"]
[Site "Ningbo CHN"]
[Date "2009.09.11"]
[Round "9"]
[White "Ju Wenjun"]
[Black "Hoang Thi Nhu Y"]
[Result "1/2-1/2"]
[WhiteElo "2443"]
[BlackElo "2114"]
[EventDate "2009.09.02"]

1. d4 Nf6 2. c4 e6 3. Nf3 b6 4. g3 Bb7 5. Bg2 Be7 6. O-O O-O 7. Nc3 Ne4 8.
Bd2 Nxc3 9. Bxc3 Be4 10. d5 Bf6 11. Rc1 c5 12. dxc6 dxc6 13. c5 Bxc3 14.
Rxc3 Nd7 15. cxb6 axb6 16. a3 Nf6 17. Qc1 c5 18. Rd1 Qe7 19. Ne5 Bxg2 20.
Kxg2 Rad8 21. Rcd3 Rd5 22. Qf4 b5 23. h3 c4 24. Rxd5 Nxd5 25. Qf3 Qc7 26.
Ng4 Rd8 27. e4 Nb6 28. Qf4 Qe7 29. Rxd8+ Qxd8 30. Qe5 1/2-1/2

[Event "2nd WTeam w"]
[Site "Ningbo CHN"]
[Date "2009.09.11"]
[Round "9"]
[White "Pham Bich Ngoc"]
[Black "Huang Qian"]
[Result "1/2-1/2"]
[WhiteElo "2145"]
[BlackElo "2424"]
[EventDate "2009.09.02"]

1. c4 Nf6 2. g3 g6 3. Bg2 d5 4. Nf3 Bg7 5. O-O O-O 6. cxd5 Nxd5 7. Nc3 Nb6
8. d3 c6 9. Be3 h6 10. Qd2 Kh7 11. Rac1 N8d7 12. b4 Nd5 13. Nxd5 cxd5 14.
Qc2 e5 15. Qc7 d4 16. Bd2 Nb6 17. Qxd8 Rxd8 18. Rc5 f6 19. Nh4 f5 20. f4
exf4 21. gxf4 Re8 22. Kf2 Re7 23. Rg1 Be6 24. Bh3 Bf7 25. Bxf5 gxf5 26.
Nxf5 Bf6 27. Nxe7 Bxe7 28. Rc7 Nd5 29. Rxb7 Be6 30. e4 dxe3+ 31. Bxe3 Bc8
32. Bd4 h5 33. Rxe7+ Nxe7 34. Rg7+ Kh6 35. Rxe7 a6 36. Re8 Kg6 37. Bc5
1/2-1/2

[Event "2nd WTeam w"]
[Site "Ningbo CHN"]
[Date "2009.09.11"]
[Round "9"]
[White "Javakhishvili,L"]
[Black "Dworakowska,J"]
[Result "1/2-1/2"]
[WhiteElo "2472"]
[BlackElo "2345"]
[EventDate "2009.09.02"]

1. c4 g6 2. Nc3 Bg7 3. g3 e5 4. Bg2 Nc6 5. Nf3 d6 6. O-O Be6 7. d3 h6 8.
Rb1 Qd7 9. b4 Nf6 10. b5 Nd8 11. Qc2 O-O 12. Rd1 Bh3 13. Bh1 Ne6 14. d4 e4
15. Ne1 Rae8 16. Nxe4 Nxe4 17. Bxe4 Nxd4 18. Rxd4 Bxd4 19. Bxh6 Qe7 20. Bd3
Bg7 21. Be3 c5 22. Ng2 Bxg2 23. Kxg2 f5 24. Qd2 Qf7 25. h4 d5 26. Rc1 d4
27. Bf4 Re6 28. Rh1 Rfe8 29. Qc2 b6 30. Kg1 Qe7 31. Kf1 Qb7 32. Rg1 Qf7 33.
g4 Re4 34. Qd2 R4e6 35. h5 fxg4 36. hxg6 Qf8 37. Rxg4 Rf6 38. f3 Bh6 39. g7
Qf7 40. Qc2 Bxg7 41. Bg6 Qf8 42. Bxe8 Rxf4 43. Bd7 Rxg4 44. Be6+ Kh8 45.
Bxg4 Be5 46. Qg6 Qf6 47. Qe8+ Kg7 48. Qd7+ Qf7 49. Qd8 Bf6 50. Qd7 Qxd7 51.
Bxd7 Bg5 52. Kf2 Bf4 53. Bf5 1/2-1/2